Landscape Interpretations : History Techniques And Design Inspiration (Record no. 17472)

MARC details
000 -LEADER
fixed length control field 00408nam a2200145Ia 4500
008 - FIXED-LENGTH DATA ELEMENTS--GENERAL INFORMATION
fixed length control field 220803s9999 xx 000 0 und d
020 ## - INTERNATIONAL STANDARD BOOK NUMBER
International Standard Book Number 9781401811549
041 ## - LANGUAGE CODE
Language code of text/sound track or separate title eng
082 ## - DEWEY DECIMAL CLASSIFICATION NUMBER
Classification number 712.094 SIC
100 ## - MAIN ENTRY--PERSONAL NAME
Personal name Siciliano P C
9 (RLIN) 27414
245 ## - TITLE STATEMENT
Title Landscape Interpretations : History Techniques And Design Inspiration
260 ## - PUBLICATION, DISTRIBUTION, ETC. (IMPRINT)
Place of publication, distribution, etc. New York
Name of publisher, distributor, etc. Thomson Delmar Learning
Date of publication, distribution, etc. 2005
300 ## - PHYSICAL DESCRIPTION
Extent 310p
500 ## - GENERAL NOTE
Keywords LANDS
Holdings
Withdrawn status Lost status Damaged status Not for loan Collection code Home library Current library Date acquired Vendor Cost, normal purchase price Full call number Barcode Date last seen Cost, replacement price Bill Date Koha item type Original Barcode
      Reference Book M arch LA Dr. Bhanuben Nanavati College of Architecture Dr. Bhanuben Nanavati College of Architecture 31/01/2022 Word Book 6012.99 712.094 SIC BNCA-BK-11697 03/08/2022 9250.75 17/01/2022 Reference book B11697